Transition economics and trust building: a network perspective on EU enlargement (Record no. 72243)

000 -LEADER
fixed length control field 00436pab a2200157 454500
008 - FIXED-LENGTH DATA ELEMENTS--GENERAL INFORMATION
fixed length control field 180718b2006 xxu||||| |||| 00| 0 eng d
100 ## - MAIN ENTRY--PERSONAL NAME
Personal name Ees, Hans Van
245 ## - TITLE STATEMENT
Title Transition economics and trust building: a network perspective on EU enlargement
260 ## - PUBLICATION, DISTRIBUTION, ETC.
Date of publication, distribution, etc. 2006
300 ## - PHYSICAL DESCRIPTION
Extent p.923-39.
362 ## - DATES OF PUBLICATION AND/OR SEQUENTIAL DESIGNATION
Dates of publication and/or sequential designation Nov
650 ## - SUBJECT ADDED ENTRY--TOPICAL TERM
Topical term or geographic name entry element European union
700 ## - ADDED ENTRY--PERSONAL NAME
Personal name Bachmann, Reinhard
773 ## - HOST ITEM ENTRY
Main entry heading Cambridge Journal of Economics
909 ## -
-- 72243
Holdings
Withdrawn status Lost status Damaged status Not for loan Permanent Location Current Location Date acquired Serial Enumeration / chronology Barcode Date last seen Price effective from Koha item type
        Indian Institute of Public Administration Indian Institute of Public Administration 2018-07-19 Volume no: 30, Issue no: 6 AR72703 2018-07-19 2018-07-19 Articles

Powered by Koha